|
|
|
|
| LEADER |
00000ny a22000003n 4500 |
| 005 |
20110621120939.0 |
| 008 |
980728s1997 sp s 000 0 spa c |
| 017 |
|
|
|a Z1794-1997
|
| 020 |
|
|
|a 8476984448
|
| 035 |
|
|
|a 1222
|
| 040 |
|
|
|a UMA.RE
|d vlex
|
| 040 |
|
|
|a UMA.RLB
|d vlex
|
| 080 |
|
|
|a 343.13(460)
|
| 080 |
|
|
|a 343.14(460)
|
| 090 |
|
|
|c 1289
|d 1289
|
| 100 |
1 |
|
|a Miranda Estrampes, Manuel
|
| 245 |
1 |
3 |
|a La mn̕ima actividad probatoria en el proceso penal
|h [Recurso electrn̤ico]
|c Manuel Miranda Estrampes ; prl̤ogo, Manuel Serra Domn̕guez
|
| 256 |
|
|
|a Servicio en ln̕ea
|
| 260 |
|
|
|a Barcelona :
|b Bosch,
|c 1997
|
| 300 |
|
|
|a 674 p. ;
|c 25 cm
|
| 506 |
1 |
|
|a Contenido solo disponible en los productos indicados
|d vLex Global
|d vLex Global (Academic Edition, excluding Law Schools)
|d vLex Global (U.S. Academic Edition, Law Schools)
|d vLex Global (U.S. Academic Edition, excluding Law Schools)
|d vLex Global (Academic Edition, Law Schools)
|
| 650 |
0 |
7 |
|a Proceso penal
|2 Tesauro vLex
|
| 650 |
0 |
7 |
|a Necesidad de una mn̕ima actividad probatoria
|2 Tesauro vLex
|
| 740 |
0 |
|
|a vLex Libros (Servicios en ln̕ea)
|
| 856 |
4 |
0 |
|u http://vlex.com/source/1222
|z Acceso restringido
|
| 942 |
|
|
|c BOOK
|